Movie Character Rainbow Quiz Stats

 Plays Quiz Updated Sep 25, 2014

Also try: The Logo Rainbow
Challenge
Share
Tweet
Score 0/30 Timer 06:00
1 Play Today
Character/Movie % Correct
Spider-man - (Spider-man)
98.6%
The Hulk - (Hulk)
97.6%
The Grinch - (How the Grinch Stole Christmas)
96.1%
Princess Fiona - (Shrek)
95.8%
The Joker - (The Dark Knight)
94%
Garfield - (Garfield)
94%
Marlin - (Finding Nemo)
92.5%
Green Lantern - (Green Lantern)
92.4%
Belle - (Beauty and the Beast)
92.3%
Minion - (Despicable Me)
91.9%
Wicked Witch of the West - (The Wizard of Oz)
91.2%
Jake Sully - (Avatar)
88%
Ralph - (Wreck-it Ralph)
85.6%
The Bride - (Kill Bill Volume 1)
82.6%
Hellboy - (Hellboy)
81.7%
Character/Movie % Correct
Evil Queen - (Snow White and the Seven Dwarfs)
80.4%
Darth Maul - (Star Wars Episode I: The Phantom Menace)
72.2%
Sauron - (The Lord of the Rings Trilogy)
71.6%
Violet Beauregarde - (Willy Wonka and the Chocolate Factory)
71.4%
Carrie White - (Carrie)
70.5%
Emily - (Corpse Bride)
65.3%
Hit-Girl - (Kick-Ass)
64.3%
Nightcrawler - (X2)
56%
Red Skull - (Captain America: The First Avenger)
53.7%
Leeloo - (The Fifth Element)
48.8%
Jack-Jack - (The Incredibles)
42.4%
Dr. Manhattan - (Watchmen)
41.9%
Lucilla - (Gladiator)
26.4%
King Laufey - (Thor)
22.6%
The Yellow Bastard - (Sin City)
22.4%

You're not logged in!

Compare scores with friends on all Sporcle quizzes.
OR
Log In

You Might Also Like...

Show Comments

Extras

Top Quizzes Today


Score Distribution

Your Account Isn't Verified!

In order to create a playlist on Sporcle, you need to verify the email address you used during registration. Go to your Sporcle Settings to finish the process.

Report this User

Report this user for behavior that violates our Community Guidelines.

Details: